| 000 | 00485nam a2200169Ia 4500 | ||
|---|---|---|---|
| 999 |
_c22401 _d22401 |
||
| 003 | OSt | ||
| 005 | 20200520130927.0 | ||
| 008 | 190216s9999||||xx |||||||||||||| ||und|| | ||
| 040 | _coclc | ||
| 082 |
_a297.07 _bALA/E |
||
| 100 |
_aAlam, Zafar _92293 |
||
| 245 | 0 |
_aEducation In Early Islamic Period / _cZafar Alam |
|
| 250 | _a1st Ed. | ||
| 260 |
_bMarkazi Maktaba Islami, _c1991. _aDelhi: |
||
| 300 | _a86p | ||
| 942 |
_cBK _2ddc _h297.07 _iALA/E _k297.07 _mALA/E |
||